000 00494nam a22001697a 4500
005 20251108174819.0
008 250721s2010 xx 000 0 ara d
082 1 4 _a320.1/ظاه
100 1 _aالظاهر، نعيم
245 1 0 _aإدارة الدولة والنظام السياسي الدولي /
264 1 _aعمان :
_bعالم الكتب الحديث،
_c2010.
300 _a418ص.
650 1 7 _aالدولة
650 1 7 _aالسياسة
942 _2ddc
_cBK
999 _c118761
_d118761